Development of understory vegetation in pine and pine-hardwood shelterwood stands in the Ouachita Mountains- : the first three years /

Bibliographic Details
Main Author: Shelton, Michael Gwinn
Corporate Author: United States. Forest Service. Southern Research Station
Format: Government Document Microform Book
Language:English
Published: [Asheville, N.C.] : U.S. Dept. of Agriculture, Forest Service, Southern Research Station, [1997]
Series:Research paper SRS ; 8.
Subjects:

MARC

Tag First Indicator Second Indicator Subfields
LEADER 00000cam a2200000 a 4500
001 in00000001298
005 20151007050405.0
007 he bmb024bbca
008 981019s1997 ncua bb f000 0 eng d
035 |a (OCoLC)40128917 
035 |9 AJB1693AM 
040 |a GPO  |c GPO  |d DLC  |d MvI  |d UtOrBLW 
043 |a n-us-ar  |a n-us-ok 
049 |a UMIC 
074 |a 0083-B (MF) 
086 0 |a A 13.78:SRS-8 
100 1 |a Shelton, Michael Gwinn. 
245 1 0 |a Development of understory vegetation in pine and pine-hardwood shelterwood stands in the Ouachita Mountains- :  |b the first three years /  |c Michael G. Shelton. 
264 1 |a [Asheville, N.C.] :  |b U.S. Dept. of Agriculture, Forest Service, Southern Research Station,  |c [1997] 
300 |a 18 pages :  |b illustrations ;  |c 28 cm. 
336 |a text  |b txt  |2 rdacontent 
337 |a microform  |b h  |2 rdamedia 
338 |a microfiche  |b he  |2 rdacarrier 
490 1 |a Research paper SRS ;  |v 8 
500 |a Cover title. 
500 |a "September 1997"--P. [2] of cover. 
500 |a Shipping list number: 98-0987-M. 
504 |a Includes bibliographical references (pages 17-18). 
533 |a Microfiche.  |b [Washington, D.C.] :  |c Supt. of Docs., U.S. G.P.O.,  |d 1998  |e 1 microfiche : negative. 
500 |a Microform. 
650 0 |a Reforestation  |z Ouachita Mountains (Ark. and Okla.) 
710 1 |a United States.  |b Forest Service.  |b Southern Research Station. 
830 0 |a Research paper SRS ;  |v 8. 
999 |a MARS 
999 f f |s bb8cb3fc-c5e5-3308-b76f-71cea469d821  |i 257f8c73-4093-3ee4-9190-ba6c0c99dc0a  |t 0 
952 f f |p normal  |a Texas A&M University  |b College Station  |c Sterling C. Evans Library  |d Evans: US Documents (Annex 5th floor)  |t 0  |e A 13.78:SRS-8  |h Superintendent of Documents classification  |i microform -- microfiche  |m A14824408340 
952 f f |p normal  |a Texas A&M University  |b College Station  |c Sterling C. Evans Library  |d Evans: US Documents Microfiche (3rd floor)  |t 0  |e A 13.78:SRS-8  |h Superintendent of Documents classification  |i microform -- microfiche  |m A14824391624 
998 f f |a A 13.78:SRS-8  |t 0  |l Evans: US Documents Microfiche (3rd floor) 
998 f f |a A 13.78:SRS-8  |t 0  |l Evans: US Documents (Annex 5th floor)